Pays d'Europe - Droit Public - Statistiques

Statistiques générales
  • Ce quiz a été pris 14 fois
  • Le résultat moyen est 25 sur 34
Réponses sur la Carte
Les réponses sont colorées sur une échelle allant du rouge au vert en fonction du pourcentage des utilisateurs qui les ont devinées à leur premier essai. Vous pouvez retrouver ces pourcentages ci-dessous.
 
Statistiques - réponses
Pays % Correct
Espagne
100%
France
100%
Allemagne
92%
Andorre
92%
Suisse
92%
Belgique
83%
Danemark
83%
Irlande
83%
Luxembourg
83%
Monaco
83%
Pays-Bas
83%
Royaume- Uni
83%
Russie
83%
Biélorussie
75%
Estonie
75%
Grèce
75%
Italie
75%
Ukraine
75%
Vatica
75%
Autriche
67%
Lettonie
67%
Lituanie
67%
Malte
67%
Bosnie- Herzégovine
58%
Bulgarie
58%
Croatie
58%
Hongrie
58%
Kosovo
58%
Macédoine du Nord
58%
Moldavie
58%
Monténégro
58%
Serbie
58%
Slovaquie
50%
Slovénie
50%
Aucun quiz correspondant
Distribution des résultats
% des personnes avec chaque résultat
Percentile par nombre de réponses
Votre historique - résultats
Vous n’avez pas pris ce quiz